Central Library OPAC University of Rajshahi

An introduction to the language of poetry / (Record no. 63190)

MARC details
000 -LEADER
fixed length control field 00625nam a2200217 4500
001 - CONTROL NUMBER
control field 63190
003 - CONTROL NUMBER IDENTIFIER
rucl marc code BD-RjUL
005 - DATE AND TIME OF LATEST TRANSACTION
control field 20211209081152.0
008 - FIXED-LENGTH DATA ELEMENTS--GENERAL INFORMATION
fixed length control field 170128s1968 mau 00110 eng d
035 ## - SYSTEM CONTROL NUMBER
System control number (BD-RjUL)63318
040 ## - CATALOGING SOURCE
Original cataloging agency ANL
Language of cataloging eng
Modifying agency BD-RjUL
Transcribing agency BD-RjUL
041 ## - LANGUAGE CODE
Language code of text/sound track or separate title eng
082 00 - DEWEY DECIMAL CLASSIFICATION NUMBER
Classification number 821
Edition number 23
Author mark and year CHI 1968
100 ## - MAIN ENTRY--PERSONAL NAME
Personal name Chatman, Seymour Benjamin
9 (RLIN) 188063
245 13 - TITLE STATEMENT
Title An introduction to the language of poetry /
Statement of responsibility, etc. Seymour Benjamin Chatman
260 ## - PUBLICATION, DISTRIBUTION, ETC. (IMPRINT)
Place of publication, distribution, etc. Boston :
Name of publisher, distributor, etc. Houghton Mifflin,
Date of publication, distribution, etc. 1968.
300 ## - PHYSICAL DESCRIPTION
Pagination xix, 357 p. ;
Size 21 cm.
500 ## - GENERAL NOTE
General note Includes index.
650 #0 - SUBJECT ADDED ENTRY--TOPICAL TERM
Topical term or geographic name as entry element English poetry.
9 (RLIN) 179095
942 ## - ADDED ENTRY ELEMENTS (KOHA)
Source of classification or shelving scheme Dewey Decimal Classification
Koha item type Books
Holdings
Lost status Source of classification or shelving scheme Damaged status Not for loan Collection code Permanent Location Current Location Shelving location Date acquired Source of acquisition Cost, normal purchase price Total Checkouts Full call number Date last seen Copy number Koha item type
  Dewey Decimal Classification   Not For Loan Non-fiction Central Library, University of Rajshahi Central Library, University of Rajshahi Reading Room 01/06/1973 DR. s. A. Akanda 3.50   821 CHI 1968 28/01/2017 C-1 Books